00326nam a2200109Ia 450000500170000000800410001702000180005808200180007610000210009424500630011526000380017820250516145652.0250516s9999 xx 000 0 und d a9780226718767 a616.9792bSLO aSlotten, Ross A. 0aPlague Years: A Doctor’S Journey Through The Aids Crisis bUniversity of Chicago Pressc2020